[Event "POL-ch blind 22nd"]
[Site "Ilawa"]
[Date "1989.11.12"]
[Round "9"]
[White "Sajdych, Wlodzimierz"]
[Black "Niesluchowski, Jerzy"]
[Result "1/2-1/2"]
[WhiteElo "2000"]
[BlackElo "2000"]
[PlyCount "58"]
[EventDate "1989.11.04"]
[EventType "tourn"]
[EventRounds "11"]
[EventCountry "POL"]
[SourceTitle "EXT 2011"]
[Source "ChessBase"]
[SourceDate "2010.11.26"]
[SourceVersion "1"]
[SourceVersionDate "2010.11.26"]
[SourceQuality "1"]

1. d4 Nf6 2. e3 d5 3. Bd3 c5 4. c3 cxd4 5. exd4 Nc6 6. h3 e6 7. Nf3 Be7 8. Nbd2 Bd6 9. Qe2 Qc7 10. Nb3 0-0 11. 0-0 h6 12. Re1 Nh7 13. Ne5 f5 14. Bf4 Nf6 15. Rad1 Bd7 16. f3 g5 17. Bc1 f4 18. Qc2 Bxe5 19. dxe5 Nxe5 20. Bf1 Kg7 21. Nd4 Rae8 22. b3 Nh5 23. Bb2 Nf6 24. Qf2 a6 25. Qe2 Nc6 26. Nxc6 Bxc6 27. c4 Qf7 28. Ba3 Rg8 29. Qe5 Rh8 1/2-1/2

[Event "POL-ch blind 22nd"]
[Site "Ilawa"]
[Date "1989.11.11"]
[Round "8"]
[White "Niesluchowski, Jerzy"]
[Black "Siluk, Zygmunt"]
[Result "0-1"]
[WhiteElo "2000"]
[BlackElo "2000"]
[PlyCount "28"]
[EventDate "1989.11.04"]
[EventType "tourn"]
[EventRounds "11"]
[EventCountry "POL"]
[SourceTitle "EXT 2011"]
[Source "ChessBase"]
[SourceDate "2010.11.26"]
[SourceVersion "1"]
[SourceVersionDate "2010.11.26"]
[SourceQuality "1"]

1. e4 c5 2. Nf3 d6 3. d4 cxd4 4. Nxd4 Nf6 5. Nc3 a6 6. Bg5 e6 7. f4 h6 8. Bxf6 Qxf6 9. Qd2 Nd7 10. 0-0-0 Qd8 11. Be2 Be7 12. Bf3 Qc7 13. f5 Bg5 14. Qxg5 hxg5 0-1

[Event "POL-ch blind 22nd"]
[Site "Ilawa"]
[Date "1989.11.08"]
[Round "5"]
[White "Dukaczewski, Piotr"]
[Black "Niesluchowski, Jerzy"]
[Result "1-0"]
[WhiteElo "2140"]
[BlackElo "2000"]
[PlyCount "63"]
[EventDate "1989.11.04"]
[EventType "tourn"]
[EventRounds "11"]
[EventCountry "POL"]
[SourceTitle "EXT 2011"]
[Source "ChessBase"]
[SourceDate "2010.11.26"]
[SourceVersion "1"]
[SourceVersionDate "2010.11.26"]
[SourceQuality "1"]

1. e4 c5 2. Nf3 d6 3. d4 cxd4 4. Nxd4 Nf6 5. Nc3 a6 6. Bc4 e6 7. Bb3 Qc7 8. a4 b6 9. 0-0 Be7 10. f4 Nc6 11. Nxc6 Qxc6 12. Re1 Bb7 13. f5 e5 14. Bg5 Qc5+ 15. Kh1 0-0 16. Qf3 Rac8 17. Rad1 Rfd8 18. Rd3 Rd7 19. h4 Qb4 20. Kh2 h6 21. Bxf6 Bxf6 22. Qh5 Rcd8 23. g4 d5 24. g5 Qc5 25. Re2 Be7 26. gxh6 Bf6 27. Bxd5 Bxd5 28. Nxd5 Rd6 29. Rg2 Rxd5 30. exd5 Rxd5 31. h7+ Kh8 32. Qxf7 1-0

[Event "POL-ch blind 22nd"]
[Site "Ilawa"]
[Date "1989.11.06"]
[Round "3"]
[White "Salamon, Jan"]
[Black "Niesluchowski, Jerzy"]
[Result "1/2-1/2"]
[WhiteElo "1800"]
[BlackElo "2000"]
[PlyCount "38"]
[EventDate "1989.11.04"]
[EventType "tourn"]
[EventRounds "11"]
[EventCountry "POL"]
[SourceTitle "EXT 2011"]
[Source "ChessBase"]
[SourceDate "2010.11.26"]
[SourceVersion "1"]
[SourceVersionDate "2010.11.26"]
[SourceQuality "1"]

1. d4 d5 2. f4 Nf6 3. Nf3 Bf5 4. e3 e6 5. Bd3 Bxd3 6. cxd3 Bb4+ 7. Nc3 0-0 8. 0-0 Nbd7 9. Qe2 c6 10. e4 dxe4 11. dxe4 h6 12. a3 Be7 13. e5 Nd5 14. g4 N7b6 15. g5 h5 16. Nh4 g6 17. Bd2 Nd7 18. Rae1 c5 19. dxc5 Nxc5 1/2-1/2